| 000 | 00550cam a2200145 4500500 | ||
|---|---|---|---|
| 005 | 20260201154948.0 | ||
| 041 | _afre | ||
| 042 | _adc | ||
| 100 | 1 | 0 |
_aMasset, Claude _eauthor |
| 245 | 0 | 0 | _aJean Guilaine & Jean Zammit, Le Sentier de la guerre. Visages de la violence préhistorique, Paris, Seuil, 2001, 378 p., bibl., fig., pl. |
| 260 | _c2001. | ||
| 500 | _a71 | ||
| 786 | 0 | _nL'Homme | 160 | 4 | 2001-10-01 | p. 193zq-300zq | 0439-4216 | |
| 856 | 4 | 1 | _uhttps://shs.cairn.info/revue-l-homme-2001-4-page-193zq?lang=fr&redirect-ssocas=7080 |
| 999 |
_c1643176 _d1643176 |
||